000 00282nam a22001337a 4500
008 180925b xxu||||| |||| 00| 0 eng d
020 _a0070355398
041 _aeng
080 _a541
100 _a12
101 _aKIM
245 _aChemistry
_cKroschwqitz, J.I
942 _2udc
_cBK
999 _c48432
_d48432